000
00316nam a2200133Ia 4500
005
20251222144901.0
008
251222s9999||||xx |||||||||||||| ||spa||
020
_a
987-04-0557-6
082
_a
869.15/F89T
100
_a
Fuentes, Carlos
245
0
_a
Todas las Familias Felices
264
_b
Alfaguara
942
_c
LIB
999
_c
21996
_d
21996